| 000 | 01526cam a2200385 a 4500 | ||
|---|---|---|---|
| 001 | 13188363 | ||
| 005 | 20200421093816.0 | ||
| 008 | 030506r20031853enka b 000 1 eng | ||
| 010 | _a 2003269514 | ||
| 020 | _a0141439726 (pbk.) | ||
| 040 |
_aDLC _cDLC _dDLC |
||
| 043 | _ae-uk-en | ||
| 050 | 0 | 0 |
_aPR4556.A2 _bB58 2003 |
| 082 | 0 | 4 | _a823/.8 |
| 100 | 1 |
_aDickens, Charles, _d1812-1870. _9214 |
|
| 245 | 1 | 0 |
_aBleak House / _cCharles Dickens ; edited with an introduction and notes by Nicola Bradbury ; preface by Terry Eagleton. |
| 260 |
_aLondon ; _aNew York : _bPenguin Books, _cc2003. |
||
| 300 |
_axxxix, 1036 p. : _bill. ; _c20 cm. |
||
| 440 | 0 | _aPenguin classics | |
| 504 | _aIncludes bibliographical references p. (xxxvii-[xxxviii]). | ||
| 650 | 0 |
_aYoung women _vFiction. _9564 |
|
| 650 | 0 |
_aGuardian and ward _vFiction. _9215 |
|
| 650 | 0 |
_aIllegitimate children _vFiction. _9216 |
|
| 650 | 0 |
_aInheritance and succession _vFiction. _9217 |
|
| 651 | 0 |
_aLondon (England) _vFiction. _9218 |
|
| 655 | 7 |
_aDomestic fiction. _2lcsh _9219 |
|
| 655 | 7 |
_aBildungsromans. _2gsafd _9220 |
|
| 655 | 7 |
_aLegal stories. _2gsafd _9221 |
|
| 700 | 1 |
_aBradbury, Nicola. _9222 |
|
| 856 | 4 | 2 |
_3Contributor biographical information _uhttp://www.loc.gov/catdir/enhancements/fy0716/2003269514-b.html |
| 856 | 4 | 2 |
_3Publisher description _uhttp://www.loc.gov/catdir/enhancements/fy0716/2003269514-d.html |
| 906 |
_a7 _bcbc _corigcop _d3 _encip _f20 _gy-gencatlg |
||
| 942 |
_2ddc _cBK |
||
| 999 |
_c15 _d15 |
||